000 00811nab a2200241 u 4500
001 08054
003 HDC
007 cr bn ---aaaaa
008 210129c mydr|nes 0 a may d
040 _aHDC
100 _aAbd Aziz Itar
_eauthor
_98565
245 0 _aDagangan Malaysia-Korea Selatan RM56.9 bilion /
_cby Abd Aziz Itar
260 _aKuala Lumpur :
_bUTUSAN MALAYSIA,
_c2014
336 _atext
_2rdacontent
337 _acomputer
_2rdamedia
338 _aonline resource
_2rdacarrier
650 _aInternational trading
_98566
650 _aTrading industry
_92945
856 _zRequest full-text at [email protected]
942 _2lcc
942 _cNEWS
942 _kNWSC 001309
999 _c5377
_d5377